00892nam a2200229 a 450000100060000000300080000600500170001400800410003103500200007204000350009204100080012708200290013524500910016426000480025530000360030365000640033965000450040371000450044894200120049399900170050595201400052255845BD-RjUL20211209080324.0161122s1955 enkp|||| |||| 00| 0 eng d a(BD-RjUL) 55969 dBD-RjULbengaBD-RjULcBD-RjUL aeng 223a352.140941bLOC 195504aThe Local government annual and official directory /cLocal government journal Office. aLondon :bLocal Governmental Journal,c1955 axlvi, 426 p. : bill. ;c18 cm. 0a Local government -- Great Britain -- Periodicals. 9166270 0aLocal governmentzGreat Britain.9142173 aLocal government journal Office.9166271 2ddccBK c55845d55845 00102ddc40708NFICaRUCLbRUCLcStackd1957-03-05eBritish Councill0o352.140941 LOC 1955r2016-11-22 00:00:00tC-2w2021-12-09yBK